Town mouse and country mouse / (Record no. 22)
[ view plain ]
| 000 -LEADER | |
|---|---|
| fixed length control field | 00914nam a22002657a 4500 |
| 001 - CONTROL NUMBER | |
| control field | 22 |
| 003 - CONTROL NUMBER IDENTIFIER | |
| control field | FISKH |
| 005 - DATE AND TIME OF LATEST TRANSACTION | |
| control field | 20230227135200.0 |
| 008 - FIXED-LENGTH DATA ELEMENTS--GENERAL INFORMATION | |
| fixed length control field | 230112b |||||||| |||| 00| 0 eng d |
| 020 ## - INTERNATIONAL STANDARD BOOK NUMBER | |
| International Standard Book Number | 9788972606178 |
| 040 ## - CATALOGING SOURCE | |
| Original cataloging agency | FISKH |
| Language of cataloging | eng |
| Transcribing agency | FISKH |
| 050 ## - LIBRARY OF CONGRESS CALL NUMBER | |
| Classification number | PZ7 |
| 082 ## - DEWEY DECIMAL CLASSIFICATION NUMBER | |
| Classification number | 428.6 |
| 100 ## - MAIN ENTRY--PERSONAL NAME | |
| Personal name | Ainsworth, Alison |
| 110 ## - MAIN ENTRY--CORPORATE NAME | |
| Corporate name or jurisdiction name as entry element | Ladybird |
| 245 ## - TITLE STATEMENT | |
| Title | Town mouse and country mouse / |
| Remainder of title | Read it yourself |
| 260 ## - PUBLICATION, DISTRIBUTION, ETC. | |
| Place of publication, distribution, etc. | London |
| Name of publisher, distributor, etc. | Ladbybird |
| Date of publication, distribution, etc. | 1993 |
| 300 ## - PHYSICAL DESCRIPTION | |
| Extent | 40 p. |
| Dimensions | 18 cm. |
| 500 ## - GENERAL NOTE | |
| General note | Designed for children learning to read, this book retells Town Mouse and Country Mouse in natural language with repeated phrases to help children develop the confidence to read alone. Level Two is suitable for children who are familiar with simple words and can read short sentences with help. |
| 505 ## - FORMATTED CONTENTS NOTE | |
| Formatted contents note | F |
| 521 ## - TARGET AUDIENCE NOTE | |
| Target audience note | 390 |
| Source | FISKH |
| 521 ## - TARGET AUDIENCE NOTE | |
| Target audience note | F |
| Source | Raz-Paz |
| 700 ## - ADDED ENTRY--PERSONAL NAME | |
| Personal name | Dyke, John |
| Relator term | illustrator |
| 942 ## - ADDED ENTRY ELEMENTS (KOHA) | |
| Source of classification or shelving scheme | Dewey Decimal Classification |
| Koha item type | Books |
| Suppress in OPAC | No |
| Withdrawn status | Lost status | Source of classification or shelving scheme | Damaged status | Not for loan | Collection | Home library | Current library | Shelving location | Date acquired | Total Checkouts | Full call number | Barcode | Date last seen | Date last checked out | Price effective from | Koha item type |
|---|---|---|---|---|---|---|---|---|---|---|---|---|---|---|---|---|
| Dewey Decimal Classification | Juvenile Fiction | Footprints International School Library Network Toul Kork Campus | Footprints International School Library Network Toul Kork Campus | 01/12/2023 | 1 | AIN 428.6 PZ7 1993 | FISBK07089 | 10/09/2024 | 09/18/2024 | 01/12/2023 | Books |
